Anatomy and Physiology: (Record no. 62)
[ view plain ]
| 000 -LEADER | |
|---|---|
| Fixed length control field | 00672nam a2200229Ia 4500 |
| 003 - CONTROL NUMBER IDENTIFIER | |
| Control field | IIN |
| 005 - DATE AND TIME OF LATEST TRANSACTION | |
| Control field | 20240202114844.0 |
| 008 - FIXED-LENGTH DATA ELEMENTS--GENERAL INFORMATION | |
| Fixed length control field | 231217s9999 xx 000 0 und d |
| 020 ## - INTERNATIONAL STANDARD BOOK NUMBER / ISBN | |
| Price | Rs.1099.00 |
| International Standard Book Number | 9789351298267 |
| 040 ## - CATALOGING SOURCE | |
| Original cataloging agency | IIN |
| Language of cataloging | English |
| 082 ## - DEWEY DECIMAL CLASSIFICATION NUMBER | |
| Classification number | 612 |
| Book Number | JOS |
| 100 1# - MAIN ENTRY--PERSONAL NAME | |
| Personal name | .Joshi, Vijaya D. |
| 245 1# - TITLE STATEMENT | |
| Title | Anatomy and Physiology: |
| Sub title | for Nursing and Healthcare Students / |
| Statement of responsibility | Vijaya D. Joshi, Ashalata N Nandedkar and Sadhana S Mendhurwar |
| 250 ## - EDITION STATEMENT | |
| Edition statement | 3rd ed |
| 260 ## - IMPRINT | |
| Name of publisher | Wolters Kluwer |
| Place of publication | Gurgaon |
| Date of publication | 2018 |
| 300 ## - PHYSICAL DESCRIPTION | |
| Page / Vol. No | 523p. |
| 650 1# - SUBJECT ADDED ENTRY--TOPICAL TERM | |
| Topical term | Anatomy |
| 650 1# - SUBJECT ADDED ENTRY--TOPICAL TERM | |
| Topical term | Physiology |
| 700 1# - ADDED ENTRY--PERSONAL NAME | |
| Personal name | Nandedkar, Ashalata N |
| 700 1# - ADDED ENTRY--PERSONAL NAME | |
| Personal name | Mendhurwar, Sadhana S |
| 942 ## - ADDED ENTRY ELEMENTS (KOHA) | |
| Koha item type | Books |
| Withdrawn status | Lost status | Source of classification | Damaged status | Not for loan | Collection code | Home library | Current library | Date acquired | Price | Total Checkouts | Call number | Accession number | Date last seen | Price effective from | Koha item type |
|---|---|---|---|---|---|---|---|---|---|---|---|---|---|---|---|
| Dewey Decimal Classification | IDEAL INSTITUTE OF NURSING | IDEAL INSTITUTE OF NURSING | 17/12/2023 | 1099.00 | 612 JOS | 57 | 17/12/2023 | 17/12/2023 | Books | ||||||
| Dewey Decimal Classification | IDEAL INSTITUTE OF NURSING | IDEAL INSTITUTE OF NURSING | 17/12/2023 | 1099.00 | 612 JOS | 58 | 17/12/2023 | 17/12/2023 | Books | ||||||
| Dewey Decimal Classification | Purches Book | IDEAL INSTITUTE OF NURSING | IDEAL INSTITUTE OF NURSING | 17/12/2023 | 1099.00 | 612 JOS | 59 | 17/12/2023 | 17/12/2023 | Books | |||||
| Dewey Decimal Classification | IDEAL INSTITUTE OF NURSING | IDEAL INSTITUTE OF NURSING | 17/12/2023 | 1099.00 | 612 JOS | 60 | 17/12/2023 | 17/12/2023 | Books | ||||||
| Dewey Decimal Classification | IDEAL INSTITUTE OF NURSING | IDEAL INSTITUTE OF NURSING | 17/12/2023 | 1099.00 | 612 JOS | 61 | 17/12/2023 | 17/12/2023 | Books |
